[Event "Kronach Oberfranken Cup"]
[Site "Kronach"]
[Date "2022.07.03"]
[Round "5"]
[White "Trachuk, Andriy"]
[Black "Koppe, Carson"]
[Result "0-1"]
[WhiteElo "1617"]
[BlackElo "1191"]
[PlyCount "64"]
[EventDate "2022.07.01"]
[EventType "swiss"]
[EventRounds "5"]
[EventCountry "GER"]
[SourceTitle "EXT 2023"]
[Source "ChessBase"]
[SourceDate "2022.10.05"]
[SourceVersion "1"]
[SourceVersionDate "2022.10.05"]
[SourceQuality "1"]

1. c4 e5 2. Nc3 Nf6 3. Nf3 Nc6 4. e3 d6 5. d4 Bg4 6. d5 Ne7 7. Be2 c6 8. e4 c5 9. Nd2 Bxe2 10. Qxe2 Ng6 11. Nf1 Be7 12. Ng3 Nh4 13. f3 Qd7 14. Bg5 Nxd5 15. exd5 Bxg5 16. Nge4 Be7 17. g3 Nf5 18. Qd3 Nd4 19. Ne2 b6 20. Nxd4 cxd4 21. a4 Rc8 22. b3 Qh3 23. 0-0-0 Qd7 24. Kb2 Qb7 25. f4 f6 26. b4 a5 27. b5 Qc7 28. Kb3 f5 29. Nf2 Qc5 30. Qxf5 Qxc4+ 31. Ka3 Qc3+ 32. Ka2 Qc2+ 0-1

[Event "Kronach Oberfranken Cup"]
[Site "Kronach"]
[Date "2022.07.02"]
[Round "2"]
[White "Koppe, Connor"]
[Black "Koppe, Carson"]
[Result "1-0"]
[WhiteElo "1653"]
[BlackElo "1191"]
[PlyCount "70"]
[EventDate "2022.07.01"]
[EventType "swiss"]
[EventRounds "5"]
[EventCountry "GER"]
[SourceTitle "EXT 2023"]
[Source "ChessBase"]
[SourceDate "2022.10.05"]
[SourceVersion "1"]
[SourceVersionDate "2022.10.05"]
[SourceQuality "1"]

1. e4 e5 2. Nf3 Nc6 3. Bc4 h6 4. 0-0 Nf6 5. Re1 d6 6. c3 b6 7. d4 Be7 8. Bb5 Bd7 9. Qa4 Nb8 10. dxe5 Bxb5 11. Qxb5+ c6 12. Qb3 dxe5 13. Nxe5 0-0 14. Bf4 Bd6 15. Nd3 Bxf4 16. Nxf4 Nbd7 17. Na3 Nc5 18. Qc2 Ncxe4 19. Rxe4 Nxe4 20. Qxe4 Re8 21. Qc2 Qh4 22. g3 Qg4 23. Nc4 Rad8 24. Ne3 Qg5 25. h4 Qc5 26. b4 Qe7 27. a4 c5 28. b5 Qb7 29. c4 Qf3 30. Nfd5 Rd7 31. a5 Red8 32. axb6 axb6 33. Qf5 Qe2 34. Qg4 Qb2 35. Ra6 Rf8 1-0